| 000 | 01102nam a2200253Ia 4500 | ||
|---|---|---|---|
| 001 | 248-MON an an (6147) | ||
| 003 | IT-MiSPE | ||
| 008 | 171229s9999||||xx |||||||||||||| ||und|| | ||
| 040 |
_aIT-MiSPE _cIT-MiSPE |
||
| 041 | _aITALIANO | ||
| 100 | _aAngelo Montonati | ||
| 245 | 0 |
_aL'anticamera del regno _bLe parabole di Gesù lette da un giornalista |
|
| 250 | _a1a ed. (v) | ||
| 260 |
_aCinisello B.mo _bEd. Paoline _c1990 |
||
| 300 |
_a127 p. _c21 cm |
||
| 490 |
_aSottolineature _v2 |
||
| 500 | _aParabole di Gesù | ||
| 501 | _aEdizioni San Paolo srl - Piazza Soncino, 5 - 20092 CINISELLO BALSAMO (MI) (non commercial uses only) ® Copyright 2018 | ||
| 520 | _aGianfranco Ravasi (pres.). Ill. | ||
| 700 | _aGianfranco Ravasi | ||
| 942 | _cBK | ||
| 957 | _71 | ||
| 999 |
_a11557 _bNO _g Copie: 1 _c343312 _d343312 |
||